Electrónica básica 1: principios
Gorde:
| Egile nagusia: | |
|---|---|
| Beste egile batzuk: | , |
| Formatua: | Liburua |
| Hizkuntza: | Spanish |
| Argitaratua: |
México: McGraw Hill
1979
|
| Gaiak: | |
| Etiketak: |
Etiketa erantsi
Etiketarik gabe, Izan zaitez lehena erregistro honi etiketa jartzen!
|
MARC
| LEADER | 00000nam a2200000Ia 4500 | ||
|---|---|---|---|
| 003 | 000774 | ||
| 005 | 20221231143942.0 | ||
| 008 | 140114s1979 mx a 000 ||spa d | ||
| 040 | |c cru CEDI | ||
| 082 | |a 621.381 W696e | ||
| 100 | |a Wilson, J. A. |9 19293 | ||
| 245 | |a Electrónica básica 1: principios | ||
| 260 | |a México: McGraw Hill |c 1979 | ||
| 300 | |a 178 páginas; ilustraciones | ||
| 500 | |a Traducido de la 1 ed en ingles: Basic electronics, theory and practice | ||
| 650 | |x ELECTRONICA |9 19296 | ||
| 700 | |9 19294 |a Contin Sanz, Agustín |d Traductor | ||
| 700 | |9 19295 |a Kaufman, Milton | ||
| 942 | |2 ddc |c BK | ||
| 999 | |c 14700 |d 14700 | ||
